Statistics for Longest International Borders

Click here to take the quiz!

General Stats

  • This quiz has been taken 91,110 times
    (91,036 since last reset)
  • The average score is 20 of 26

Answer Stats

Country % Correct
Russia
100%
United States
99%
Canada
99%
China
99%
India
96%
Mexico
96%
Mongolia
94%
Argentina
93%
Chile
93%
Brazil
92%
Pakistan
89%
Kazakhstan
87%
Afghanistan
82%
Colombia
77%
Bolivia
75%
Venezuela
74%
Bangladesh
70%
Uzbekistan
70%
Dem. Rep. of the Congo
68%
Rep. of the Congo
65%
Myanmar
59%
Vietnam
57%
Laos
53%
Angola
46%
Mali
41%
Mauritania
35%

Score Distribution

Percentile by Number Answered

Percent of People with Each Score

Your Score History

You have not taken this quiz since the last reset